বাংলাদেশের নদী / (Record no. 3171)
[ view plain ]
| 000 -LEADER | |
|---|---|
| fixed length control field | 00762nam a2200229 a 4500 |
| 001 - CONTROL NUMBER | |
| JCCL Control Number | 3171 |
| 003 - CONTROL NUMBER IDENTIFIER | |
| JCCL marc code | BD-JhCC |
| 005 - DATE AND TIME OF LATEST TRANSACTION | |
| control field | 20171112164358.0 |
| 008 - FIXED-LENGTH DATA ELEMENTS--GENERAL INFORMATION | |
| fixed length control field | 171111s1985 bg |||| ||a| 000 0 ben d |
| 035 ## - SYSTEM CONTROL NUMBER | |
| system control number | (BD-JhCC) 3171 |
| 040 ## - CATALOGING SOURCE | |
| Original cataloging agency | BD-JhCC |
| Modifying agency | BD-JhCC |
| 041 ## - LANGUAGE CODE | |
| Language code of Book | Ben |
| 082 ## - DEWEY DECIMAL CLASSIFICATION NUMBER | |
| Classification number | 915.492 |
| Author mark and Year | HAQ 1985 |
| 100 ## - MAIN ENTRY--PERSONAL NAME | |
| Personal name | হক, সৈয়দ মাজহারুল |
| 245 ## - TITLE STATEMENT | |
| Title | বাংলাদেশের নদী / |
| Statement of responsibility, etc | সৈয়দ মাজহারুল হক |
| 260 ## - PUBLICATION, DISTRIBUTION, ETC. (IMPRINT) | |
| Place of publication, distribution, etc | ঢাকা : |
| Name of publisher, distributor, etc | বাংলা একাডেমী ঢাকা , |
| Date of publication, distribution, etc | 1985 |
| 300 ## - PHYSICAL DESCRIPTION | |
| Pagination | 104 .: |
| Dimensions | 18 cm . |
| 490 ## - SERIES STATEMENT | |
| Series statement | Series in honour of the Martyrs of the Language Movement of February 1952. |
| 651 ## - SUBJECT ADDED ENTRY--GEOGRAPHIC NAME | |
| Geographic name | Rivers of Bangladesh |
| 942 ## - ADDED ENTRY ELEMENTS (KOHA) | |
| Source of classification or shelving scheme | Dewey Decimal Classification |
| Koha item type | Books |
| Source of classification or shelving scheme | Damaged status | Not for loan | Home library | Current library | Shelving location | Date of accession | Cost, normal purchase price | Total Checkouts | Full call number | Barcode | Date last seen | Copy number | Koha item type |
|---|---|---|---|---|---|---|---|---|---|---|---|---|---|
| Dewey Decimal Classification | JCC Rouf Library | JCC Rouf Library | General Stacks | 11/11/2017 | 15.00 | 915.492 HAQ 1985 | 5063 | 11/11/2017 | C-1 | Books |